[Event "29th Czech Rapid G1 2018"]
[Site "Pardubice CZE"]
[Date "2018.07.19"]
[Round "7.38"]
[White "Meleshko, Vladimir"]
[Black "Dimitrov, Dejan"]
[Result "1-0"]
[WhiteTitle "FM"]
[WhiteElo "2268"]
[BlackElo "2096"]
[WhiteFideId "14111055"]
[BlackFideId "2911000"]
[EventDate "2018.07.18"]

1. e4 c5 2. Nf3 Nc6 3. d4 cxd4 4. Nxd4 e5 5. Nb5 d6 6. c4 Be7 7. Be2 Be6 8. Be3
a6 9. N5c3 Bg5 10. Nd5 Bxe3 11. Nxe3 Nf6 12. Nc3 O-O 13. O-O Qb6 14. Qd2 Nd4 15.
b3 Rac8 16. Rfd1 Qc6 17. Nc2 Nxc2 18. Qxc2 b5 19. Bf3 bxc4 20. b4 Rfd8 21. Nd5
Bxd5 22. exd5 Qb6 23. Qc3 Re8 24. Be2 Qxf2+ 25. Kxf2 Ne4+ 26. Ke3 Nxc3 27. Rd2
f5 28. Rc1 Ne4 29. Rdc2 c3 30. Bxa6 Nf6 31. Bb7 Rc4 32. a3 Rb8 33. Bc6 f4+ 34.
Kf3 g5 35. Rxc3 Rd4 36. Rc4 Rd2 37. h3 h5 38. g4 hxg4+ 39. hxg4 e4+ 40. Rxe4
Nxe4 41. Kxe4 Kg7 42. Rc3 Kf6 43. b5 Re2+ 44. Kf3 Rh2 45. Ke4 Re2+ 46. Kd4 Ra2
47. Rb3 Ra1 48. b6 Rd1+ 49. Kc4 Rc1+ 50. Kb5 Ke5 51. b7 Ke4 52. Kb6 f3 53. Rb2
Re1 54. Ka7 Rh8 55. b8=Q Rxb8 56. Kxb8 Re2 57. Rb4+ Ke3 58. Bb5 Ra2 59. Rb3+ Kf4
60. Rb4+ Kg3 61. a4 f2 62. Kc7 Ra1 63. Kxd6 f1=Q 64. Bxf1 Rxf1 65. Ke6 Rf4 66.
Rb3+ Kxg4 67. Ra3 Re4+ 68. Kf6 Kf4 69. d6 Rd4 70. Ke7 1-0

[Event "29th Czech Rapid G1 2018"]
[Site "Pardubice CZE"]
[Date "2018.07.19"]
[Round "7.39"]
[White "Krouzel, Jaroslav"]
[Black "Chekletsov, Ilya"]
[Result "0-1"]
[WhiteTitle "FM"]
[BlackTitle "IM"]
[WhiteElo "2079"]
[BlackElo "2395"]
[WhiteFideId "301566"]
[BlackFideId "24177156"]
[EventDate "2018.07.18"]

1. d4 Nf6 2. c4 e6 3. Nc3 Bb4 4. Bg5 h6 5. Bh4 b6 6. Nf3 Bb7 7. e3 g5 8. Bg3 Ne4
9. Qc2 d6 10. Bd3 f5 11. Qa4+ Nc6 12. Bxe4 fxe4 13. Nd2 Bxc3 14. bxc3 O-O 15.
O-O Qe8 16. Qc2 Ne7 17. a4 Qg6 18. a5 Nf5 19. c5 bxc5 20. dxc5 h5 21. h3 h4 22.
Bh2 g4 23. hxg4 Qxg4 24. Kh1 Rf7 25. Qa4 Rg7 26. Rg1 Ng3+ 27. fxg3 hxg3 0-1

[Event "29th Czech Rapid G1 2018"]
[Site "Pardubice CZE"]
[Date "2018.07.19"]
[Round "7.40"]
[White "Bente, Bjoern"]
[Black "Kukelko, Alexey"]
[Result "1-0"]
[WhiteTitle "FM"]
[WhiteElo "2219"]
[BlackElo "2196"]
[WhiteFideId "4638611"]
[BlackFideId "14153084"]
[EventDate "2018.07.18"]

1. e4 c5 2. Nf3 e6 3. d4 cxd4 4. Nxd4 a6 5. Nc3 Qc7 6. g3 Bb4 7. Bd2 Nf6 8. Bg2
Nc6 9. Nb3 Be7 10. O-O O-O 11. f4 d6 12. g4 b5 13. g5 Nd7 14. Qe2 Re8 15. Rad1
Bb7 16. Kh1 Bf8 17. Qg4 Rac8 18. Rf3 g6 19. Rh3 Bg7 20. Ne2 b4 21. c3 a5 22.
cxb4 axb4 23. Rc1 Qb6 24. Be3 Qa6 25. Rd1 f5 26. exf5 exf5 27. Bd5+ Kf8 28. Qg2
Nb6 29. Bxb6 Rxe2 30. Qf3 Rxb2 31. Nc5 dxc5 32. Bxc5+ Ne7 33. Bxb7 Qc4 34. Bxe7+
Kxe7 35. Bxc8 Qxc8 36. Rxh7 Kf8 37. Qd5 Qe8 38. Qd6+ Kg8 39. Rxg7+ Kxg7 40. Qf6+ 1-0

[Event "29th Czech Rapid G1 2018"]
[Site "Pardubice CZE"]
[Date "2018.07.19"]
[Round "7.41"]
[White "Soural, Jan"]
[Black "Jazdanovs, Aleksandrs"]
[Result "0-1"]
[WhiteElo "2192"]
[BlackElo "2205"]
[WhiteFideId "311928"]
[BlackFideId "11604492"]
[EventDate "2018.07.18"]

1. d4 Nf6 2. Nf3 c5 3. d5 e6 4. c4 b5 5. dxe6 fxe6 6. cxb5 d5 7. e3 Bd6 8. b4
cxb4 9. Bb2 O-O 10. Nbd2 Bb7 11. Nb3 Qe7 12. Nbd4 Ne4 13. Rc1 a6 14. Nc6 Qf7 15.
Nce5 Bxe5 16. Bxe5 axb5 17. Bxb5 Rxa2 18. O-O Ba6 19. Qd3 Ra3 20. Qe2 Qb7 21.
Bxa6 Nxa6 22. Nd4 Nac5 23. Qg4 Qf7 24. Rxc5 Nxc5 25. Bd6 Qxf2+ 0-1

[Event "29th Czech Rapid G1 2018"]
[Site "Pardubice CZE"]
[Date "2018.07.19"]
[Round "7.42"]
[White "Slovak, Kilian"]
[Black "Mirzoeva, Elmira"]
[Result "0-1"]
[BlackTitle "WGM"]
[WhiteElo "2285"]
[BlackElo "2249"]
[WhiteFideId "365440"]
[BlackFideId "4127951"]
[EventDate "2018.07.18"]

1. e4 d6 2. d4 Nf6 3. Nc3 e5 4. Nf3 Nbd7 5. Bc4 Be7 6. O-O O-O 7. Re1 c6 8. a4
a5 9. h3 Nb6 10. Ba2 Nfd7 11. Be3 exd4 12. Nxd4 Nc5 13. Qf3 Nbxa4 14. Nxa4 Nxa4
15. Nf5 Bf6 16. Rad1 Bxf5 17. Qxf5 Nxb2 18. Rb1 a4 19. Bd2 a3 20. Re3 Qc8 21.
Qh5 g6 22. Qh6 Bg7 23. Qf4 Qd8 24. Bb4 Be5 25. Qf3 b5 26. Rxa3 Rxa3 27. Qxa3 c5
28. Bc3 b4 29. Qxb2 Bxc3 30. Qb3 Qf6 31. Qd5 Kg7 32. g3 Bd4 33. Rf1 Qe5 34. Kg2
Qxd5 35. Bxd5 f5 36. f3 Kf6 37. exf5 Re8 38. Bc4 Kxf5 39. f4 Re3 40. Rd1 Kf6 41.
Rf1 Rc3 42. Bd3 b3 43. Be4 Re3 44. Bf3 b2 45. Rb1 Bc3 46. Kf2 Re7 47. Rd1 Ra7
48. Rxd6+ Ke7 49. Rb6 Ra1 0-1

[Event "29th Czech Rapid G1 2018"]
[Site "Pardubice CZE"]
[Date "2018.07.19"]
[Round "7.43"]
[White "Michelle Catherina, P"]
[Black "Gabr, Mohsen"]
[Result "0-1"]
[WhiteTitle "WIM"]
[BlackTitle "FM"]
[WhiteElo "2069"]
[BlackElo "2287"]
[WhiteFideId "5005736"]
[BlackFideId "10619593"]
[EventDate "2018.07.18"]

1. c4 g6 2. Nc3 Bg7 3. g3 d6 4. Bg2 Nf6 5. e4 c5 6. Nge2 Nc6 7. O-O O-O 8. d3 h6
9. h3 a6 10. Be3 e5 11. Qd2 Kh7 12. f4 exf4 13. gxf4 Nh5 14. f5 Nd4 15. Nd5
Nxe2+ 16. Qxe2 Ng3 17. Qf2 Nxf1 18. Rxf1 gxf5 19. exf5 Bf6 20. Be4 Rg8+ 21. Kh1
Bd7 22. Qf4 Bg5 23. Qxd6 Bc6 24. f6+ Kh8 25. Qe5 Bxd5 26. cxd5 Bxe3 27. Qf5 Rg6
28. h4 Qg8 29. Kh2 Rg4 30. Kh3 Rg3+ 31. Kh2 Bg1+ 32. Kh1 Rg4 33. Qh5 Be3 34. Kh2
Qb8+ 35. Kh1 Qg3 0-1

[Event "29th Czech Rapid G1 2018"]
[Site "Pardubice CZE"]
[Date "2018.07.19"]
[Round "7.44"]
[White "Westerinen, Heikki M.J."]
[Black "Roenko, Artur"]
[Result "1-0"]
[WhiteTitle "GM"]
[WhiteElo "2310"]
[BlackElo "2162"]
[WhiteFideId "500020"]
[BlackFideId "14136732"]
[EventDate "2018.07.18"]

1. e4 e6 2. d4 d5 3. Nd2 Nc6 4. Ngf3 Nf6 5. e5 Nd7 6. Be2 f6 7. exf6 Qxf6 8. Nf1
Bd6 9. Ne3 O-O 10. O-O Qf7 11. Bd3 Qh5 12. h3 Nb4 13. Be2 c5 14. Ng4 cxd4 15.
Nxd4 Qf7 16. c4 Kh8 17. a3 Nc6 18. Nxe6 Qxe6 19. cxd5 Qg6 20. dxc6 Ne5 21. cxb7
Bxb7 22. f4 Bc5+ 23. Kh2 Qc6 24. Bf3 Nxf3+ 25. Qxf3 Qa6 26. Qd1 Rad8 27. Qe1
Rfe8 28. Ne5 Bd5 29. Be3 Bd6 30. Bd4 Bxe5 31. Bxe5 Re6 32. Rd1 Rg6 33. Rf2 Qc6
34. Rfd2 Re6 35. Qg3 Re7 36. Qg5 1-0

[Event "29th Czech Rapid G1 2018"]
[Site "Pardubice CZE"]
[Date "2018.07.19"]
[Round "7.45"]
[White "Gorbatenko, Alexander"]
[Black "Gomes, Mary Ann"]
[Result "0-1"]
[BlackTitle "WGM"]
[WhiteElo "2049"]
[BlackElo "2284"]
[WhiteFideId "4145976"]
[BlackFideId "5013623"]
[EventDate "2018.07.18"]

1. d4 Nf6 2. c4 e6 3. Nc3 Bb4 4. e3 b6 5. Bd3 Bb7 6. f3 O-O 7. Ne2 d5 8. O-O c5
9. a3 Bxc3 10. bxc3 Nc6 11. cxd5 exd5 12. Ng3 Re8 13. Qd2 Na5 14. Bb2 Nb3 15.
Qf2 Nxa1 16. Bxa1 Qd7 17. Nf5 c4 18. Bc2 g6 19. Ng3 Re7 20. Bb2 Rae8 21. Bc1 b5
22. h4 h5 23. Ne2 Qd6 24. Nf4 Nh7 25. Kh1 a5 26. Rg1 Bc8 27. g4 hxg4 28. fxg4
Nf6 29. g5 Ne4 30. Bxe4 Rxe4 31. h5 Bf5 32. h6 Kh7 33. Qb2 Rxe3 34. Bxe3 Rxe3
35. Qf2 Be4+ 0-1

[Event "29th Czech Rapid G1 2018"]
[Site "Pardubice CZE"]
[Date "2018.07.19"]
[Round "7.46"]
[White "Yakimenko, Alexander A."]
[Black "Becker, Dirk"]
[Result "0-1"]
[WhiteElo "2035"]
[BlackElo "2265"]
[WhiteFideId "24141917"]
[BlackFideId "12938564"]
[EventDate "2018.07.18"]

1. d4 Nf6 2. Nf3 d5 3. c4 e6 4. Nc3 dxc4 5. e3 a6 6. Bxc4 b5 7. Be2 Bb7 8. O-O
Nbd7 9. Qc2 c5 10. Rd1 Qb6 11. a4 b4 12. a5 Qc7 13. Na4 Be7 14. b3 O-O 15. Bb2
Rac8 16. Ne5 Bd6 17. Bf3 Bxf3 18. Nxf3 c4 19. bxc4 Qxc4 20. Qxc4 Rxc4 21. Nd2
Rc2 22. Nb3 Rfc8 23. Rac1 Nd5 24. Nbc5 Rxc1 25. Rxc1 Nxc5 26. dxc5 Be7 27. c6
Bd8 28. e4 Nf4 29. Nb6 Ne2+ 30. Kf1 Nxc1 31. Nxc8 Nd3 32. Bd4 b3 33. Ke2 b2 34.
Bxb2 Nxb2 35. Kf1 Nd3 36. Nb6 0-1

[Event "29th Czech Rapid G1 2018"]
[Site "Pardubice CZE"]
[Date "2018.07.19"]
[Round "7.47"]
[White "Zdrazil, Tomas"]
[Black "Freisler, Pavel"]
[Result "1-0"]
[BlackTitle "IM"]
[WhiteElo "2065"]
[BlackElo "2246"]
[WhiteFideId "325368"]
[BlackFideId "301477"]
[EventDate "2018.07.18"]

1. e4 Nf6 2. e5 Nd5 3. d4 d6 4. c4 Nb6 5. exd6 cxd6 6. Nc3 g6 7. Be3 Bg7 8. Rc1
O-O 9. b3 Nc6 10. d5 Ne5 11. Be2 f5 12. f4 Ng4 13. Bxg4 fxg4 14. Nge2 e5 15.
dxe6 Bxe6 16. O-O Qe7 17. Bd4 Rad8 18. Bxg7 Qxg7 19. Qd4 d5 20. Qxg7+ Kxg7 21.
Nd4 Bf7 22. c5 Nd7 23. c6 bxc6 24. Nxc6 Ra8 25. Nd4 Nf6 26. Rfe1 Rfe8 27. Ncb5
Rxe1+ 28. Rxe1 Ne4 29. Rc1 a6 30. Nc7 Ra7 31. Rc6 a5 32. Ncb5 Re7 33. Rc7 Rxc7
34. Nxc7 Nc3 35. a4 Kf6 36. Kf2 Ke7 37. Ke3 Kd7 38. Ncb5 Ne4 39. g3 Nc5 40. Na7
Be6 41. Nac6 Nb7 42. Ne5+ Kd6 43. Nxe6 Kxe6 44. Kd4 Kd6 45. Nxg4 Nc5 46. Kc3
Ne4+ 47. Kc2 Kc5 48. Ne5 d4 49. Nd3+ Kd5 50. b4 axb4 51. Nxb4+ Kc4 52. Nd3 Nc3
53. Nb2+ Kb4 54. Kd3 Kb3 55. Nc4 Kxa4 56. Kxd4 Kb4 57. Ne3 Ne2+ 58. Ke5 Kc3 59.
Kf6 Kd3 60. Ng4 Ke4 61. Kg5 Nd4 62. Nf6+ Kf3 63. Nxh7 Kg2 64. Kxg6 Kxh2 65. g4
Kg3 66. f5 Kxg4 67. f6 Ne6 68. f7 Kf4 69. Kf6 Nc5 70. Ke7 1-0

[Event "29th Czech Rapid G1 2018"]
[Site "Pardubice CZE"]
[Date "2018.07.19"]
[Round "7.48"]
[White "Lushnikov, Evgeny"]
[Black "Petr, Jan1"]
[Result "1-0"]
[WhiteElo "2136"]
[BlackElo "2099"]
[WhiteFideId "24146269"]
[BlackFideId "305154"]
[EventDate "2018.07.18"]

1. e4 e5 2. Nf3 Nf6 3. Nxe5 d6 4. Nf3 Nxe4 5. Nc3 Nxc3 6. dxc3 Be7 7. Be3 Nc6 8.
Qd2 Be6 9. O-O-O O-O 10. Kb1 Re8 11. h3 Rb8 12. g4 Ne5 13. Nd4 Nc4 14. Bxc4 Bxc4
15. Nf5 Bf8 16. Rhe1 Qd7 17. Bd4 c5 18. Bxc5 Bxa2+ 19. Kxa2 Qa4+ 20. Ba3 d5 21.
Rxe8 Rxe8 22. Qd4 Qa5 23. Kb1 1-0

[Event "29th Czech Rapid G1 2018"]
[Site "Pardubice CZE"]
[Date "2018.07.19"]
[Round "7.49"]
[White "Annenkov, Kirill"]
[Black "Maslak, Alexander"]
[Result "1-0"]
[WhiteTitle "FM"]
[WhiteElo "2214"]
[BlackElo "2154"]
[WhiteFideId "4129733"]
[BlackFideId "4130871"]
[EventDate "2018.07.18"]

1. d4 Nf6 2. c4 g6 3. g3 Bg7 4. Bg2 O-O 5. Nf3 d6 6. O-O Nc6 7. Nc3 a6 8. b3 Rb8
9. Nd5 e6 10. Nxf6+ Bxf6 11. Bh6 Re8 12. e4 e5 13. d5 Nd4 14. Be3 Bg4 15. Bxd4
exd4 16. Qd3 c5 17. dxc6 bxc6 18. h3 Bxf3 19. Bxf3 Qb6 20. h4 a5 21. h5 Qc5 22.
Kg2 Qb4 23. hxg6 hxg6 24. e5 Rxe5 25. Bxc6 Qc3 26. Qf3 Qxf3+ 27. Kxf3 Rc8 28.
Bd5 Rce8 29. a3 Rf5+ 30. Kg2 Re2 31. b4 d3 32. Rad1 axb4 33. axb4 Bd4 34. Bf3
Rc2 35. Rxd3 Rxc4 36. Rfd1 Bg7 37. Rxd6 Rxb4 38. R1d2 Bh6 39. Rc2 Kg7 40. Rd7
Rb6 41. Bd5 Rb5 42. Be4 1-0

[Event "29th Czech Rapid G1 2018"]
[Site "Pardubice CZE"]
[Date "2018.07.19"]
[Round "7.50"]
[White "Semjonovs, Ilja"]
[Black "Vykydal, Frantisek"]
[Result "1-0"]
[BlackTitle "CM"]
[WhiteElo "2219"]
[BlackElo "2089"]
[WhiteFideId "11604263"]
[BlackFideId "301744"]
[EventDate "2018.07.18"]

1. d4 Nf6 2. Nf3 d6 3. Bg5 Bg4 4. e3 Nbd7 5. c3 e5 6. Be2 Be7 7. Bxf6 Bxf6 8.
Nbd2 O-O 9. O-O c6 10. h3 Bxf3 11. Bxf3 d5 12. dxe5 Nxe5 13. Qc2 Re8 14. Rad1
Qe7 15. Be2 Rad8 16. Rfe1 Ng6 17. Bd3 b5 18. b3 a5 19. Nf3 Qc5 20. Nd4 Nf8 21.
Rc1 g6 22. Red1 Ne6 23. Nf3 Ng5 24. Nd4 Ne4 25. Bxe4 Rxe4 26. b4 Qd6 27. bxa5
Ra8 28. Nxb5 Qc5 29. Nd4 Rxa5 30. Nb3 Qa7 31. Nxa5 Qxa5 32. Qb3 Rc4 33. Re1 Bxc3
34. Red1 Qc5 35. Rc2 Bf6 36. Rdc1 Rxc2 37. Qxc2 Qa5 38. Qxc6 Kg7 39. a4 d4 40.
exd4 Bxd4 41. Rd1 Qa7 42. Rd2 Bc5 43. g3 Qe7 44. Kg2 Ba7 45. Rc2 h5 46. Qc3+ Kh7
47. Qc4 Qb7+ 48. Kh2 Qf3 49. Qf4 Qd5 50. Rc7 Kg7 51. Rxa7 1-0

[Event "29th Czech Rapid G1 2018"]
[Site "Pardubice CZE"]
[Date "2018.07.19"]
[Round "7.51"]
[White "Brejnik, Gustav"]
[Black "Mojzis, Jaroslav"]
[Result "0-1"]
[BlackTitle "FM"]
[WhiteElo "2134"]
[BlackElo "2099"]
[WhiteFideId "362662"]
[BlackFideId "302325"]
[EventDate "2018.07.18"]

1. d4 Nf6 2. c4 e6 3. g3 c5 4. d5 exd5 5. cxd5 d6 6. Nc3 Be7 7. Bg2 O-O 8. Nf3
Nbd7 9. O-O Re8 10. Qc2 Ng4 11. Bf4 Nge5 12. Bxe5 Nxe5 13. Nxe5 dxe5 14. Na4 Qd6
15. Rac1 b6 16. Nc3 Rb8 17. Rfd1 Bd7 18. Ne4 Qg6 19. d6 Bf8 20. Rd2 Rbd8 21.
Rcd1 h6 22. Qc3 Re6 23. Rd5 f5 24. Nd2 Bc6 25. Rxe5 Bxg2 26. Kxg2 Rexd6 27. Kf1
Qf7 28. b3 Qd7 29. Ke1 Be7 30. Re3 Bg5 31. f4 Bf6 32. Qc2 Kh8 33. Rf3 b5 34. Rd3
Rxd3 35. Qxd3 Qxd3 36. exd3 Rxd3 37. Ke2 Rc3 38. a4 bxa4 39. bxa4 Ra3 40. Rc1
Bd4 41. Rc4 Kg8 42. Nf3 Re3+ 43. Kf2 Rc3+ 44. Rxd4 cxd4 45. Nxd4 g6 46. Nb5 Rc2+
47. Kg1 a6 48. Nd6 Rc6 49. Nb7 Rc2 50. h3 Kf8 51. Kf1 Ke7 52. Ke1 Kd7 53. Kd1
Rc4 54. Kd2 Kc7 55. Kd3 Rxa4 56. Nc5 Ra3+ 57. Kd4 a5 58. g4 Rxh3 59. gxf5 gxf5
60. Ke5 Kc6 61. Na4 Kb5 62. Nb2 Rb3 63. Nd1 a4 0-1

[Event "29th Czech Rapid G1 2018"]
[Site "Pardubice CZE"]
[Date "2018.07.19"]
[Round "7.52"]
[White "Pein, Jonathan"]
[Black "Salykin, Aleksandr"]
[Result "1/2-1/2"]
[WhiteElo "2106"]
[BlackElo "1862"]
[WhiteFideId "417092"]
[BlackFideId "44107730"]
[EventDate "2018.07.18"]

1. Nf3 d5 2. b3 c5 3. Bb2 Nc6 4. e3 Bg4 5. h3 Bh5 6. Bb5 Qb6 7. Ba4 e6 8. g4 Bg6
9. Ne5 Nf6 10. h4 Qc7 11. h5 Be4 12. f3 Nxg4 13. fxe4 Nxe5 14. exd5 exd5 15. Nc3
O-O-O 16. Qe2 a6 17. Bxc6 Nxc6 18. O-O-O Kb8 19. Qg2 d4 20. Nd5 Qd6 21. e4 f5
22. d3 fxe4 23. dxe4 Qh6+ 24. Kb1 Rg8 25. Bc1 Qe6 26. Bg5 Re8 27. Rde1 Bd6 28.
Rhf1 h6 29. Bd2 Ne7 1/2-1/2

[Event "29th Czech Rapid G1 2018"]
[Site "Pardubice CZE"]
[Date "2018.07.19"]
[Round "7.53"]
[White "Bystrov, Sergej M."]
[Black "Zdrazil, Jan"]
[Result "1-0"]
[WhiteTitle "IM"]
[WhiteElo "2233"]
[BlackElo "1953"]
[WhiteFideId "4118561"]
[BlackFideId "334537"]
[EventDate "2018.07.18"]

1. e4 c5 2. Nc3 d6 3. Bc4 g6 4. d3 Bg7 5. f4 Nc6 6. Nf3 Nf6 7. O-O O-O 8. a3 e6
9. Qe1 Bd7 10. Qh4 Nd4 11. Nxd4 cxd4 12. Ne2 b5 13. Bb3 Qb6 14. f5 exf5 15. exf5
Bxf5 16. Ng3 Rfe8 17. Nxf5 gxf5 18. Rxf5 d5 19. Bh6 Qe6 20. Raf1 Bxh6 21. Qxh6
Ne4 22. Qf4 Nd6 23. Rf6 1-0

[Event "29th Czech Rapid G1 2018"]
[Site "Pardubice CZE"]
[Date "2018.07.19"]
[Round "7.54"]
[White "Kusa, Jakub"]
[Black "Kyrychenko, Maryan"]
[Result "0-1"]
[BlackTitle "FM"]
[WhiteElo "2061"]
[BlackElo "2152"]
[WhiteFideId "395595"]
[BlackFideId "14137178"]
[EventDate "2018.07.18"]

1. e4 c5 2. Nf3 d6 3. d4 cxd4 4. Nxd4 Nf6 5. Nc3 g6 6. g3 Bg7 7. Bg2 O-O 8. O-O
Nc6 9. Nde2 e5 10. h3 Be6 11. Be3 Qd7 12. Kh2 Rfd8 13. Qd2 d5 14. exd5 Nxd5 15.
Nxd5 Bxd5 16. Rfd1 Be6 17. Qxd7 Bxd7 18. Nc3 Nd4 19. Rd2 Bc6 20. Bxc6 bxc6 21.
Kg2 a5 22. Rad1 Rdb8 23. b3 c5 24. Na4 c4 25. c3 Nf5 26. Bb6 cxb3 27. axb3 Bf6
28. c4 Ra6 29. Bd8 Bg7 30. Bc7 Rf8 31. Rd8 Nd4 32. Rxf8+ Kxf8 33. Nc5 Ra7 34.
Nd7+ Ke7 35. Bxe5 Rxd7 36. Bxg7 Nxb3 37. Rb1 a4 38. Bc3 Rc7 39. Bb4+ Kd7 40.
Rd1+ Kc8 41. Re1 Rxc4 42. Re8+ Kd7 43. Re7+ Kd8 44. Ba3 Rc7 45. Re4 Ra7 46. Rc4
Kd7 47. Re4 Kc6 48. f4 Kd5 49. Rb4 Nd4 50. Rb2 Rc7 51. Rb4 Rc2+ 52. Kf1 Rc4 53.
Rb7 Nc2 54. Bc1 Ke6 55. Rb6+ Kf5 56. Rb7 Ke4 57. Kf2 Nd4 58. Re7+ Kd3 59. Ba3
Nb5 60. Rd7+ Rd4 61. Re7 Nxa3 62. Re3+ Kc2 63. Rxa3 Kb2 64. Re3 a3 65. Re7 a2
66. Rb7+ Ka3 0-1

[Event "29th Czech Rapid G1 2018"]
[Site "Pardubice CZE"]
[Date "2018.07.19"]
[Round "7.55"]
[White "Ruzicka, Josef"]
[Black "Nehyba, Martin"]
[Result "1-0"]
[WhiteElo "2139"]
[BlackElo "2163"]
[WhiteFideId "383244"]
[BlackFideId "377074"]
[EventDate "2018.07.18"]

1. e4 c5 2. Nc3 e6 3. g3 Nc6 4. Bg2 Nf6 5. Nge2 Be7 6. O-O O-O 7. d3 Rb8 8. f4
d5 9. e5 Ne8 10. g4 b5 11. Ng3 a5 12. Re1 f5 13. gxf5 exf5 14. Bxd5+ Kh8 15.
Bxc6 1-0

[Event "29th Czech Rapid G1 2018"]
[Site "Pardubice CZE"]
[Date "2018.07.19"]
[Round "7.56"]
[White "Harshini, A"]
[Black "Illetsko, Jaroslav"]
[Result "0-1"]
[WhiteTitle "WFM"]
[WhiteElo "2037"]
[BlackElo "2177"]
[WhiteFideId "25008986"]
[BlackFideId "301795"]
[EventDate "2018.07.18"]

1. e4 g6 2. d4 Bg7 3. Nf3 c6 4. Bd3 d6 5. O-O Bg4 6. c3 Nd7 7. h3 Bxf3 8. Qxf3
Ngf6 9. Nd2 O-O 10. Re1 e5 11. Nb3 Qc7 12. Bg5 h6 13. Bh4 Rae8 14. Rad1 Nh5 15.
Bb1 a5 16. d5 c5 17. Nd2 b5 18. Nf1 c4 19. Ne3 Nhf6 20. Qe2 a4 21. a3 Nc5 22.
Qf3 Nh7 23. Ng4 h5 24. Ne3 Bh6 25. g4 Bxe3 26. Qxe3 hxg4 27. hxg4 f6 28. Kg2 g5
29. Bg3 Rf7 30. Rh1 Rg7 31. Rh6 Kf7 32. Rdh1 Nf8 33. Qf3 Ng6 34. Rh7 Rg8 35.
R1h6 Rxh7 36. Rxh7+ Rg7 37. Rh6 Qc8 38. Bc2 Nf4+ 39. Bxf4 gxf4 40. Bd1 Qg8 41.
Be2 Rh7 42. Qh3 Rxh6 43. Qxh6 Qg7 44. Qh5+ Qg6 45. Qxg6+ Kxg6 46. f3 Kg5 47. Kf2
Nd7 48. Bf1 Kh4 49. Kg2 Nc5 50. Kf2 Nd3+ 51. Ke2 Nxb2 52. Kd2 Kg3 53. Kc2 Nd3
54. Bxd3 cxd3+ 55. Kxd3 Kxf3 56. c4 bxc4+ 57. Kxc4 Kxe4 0-1

[Event "29th Czech Rapid G1 2018"]
[Site "Pardubice CZE"]
[Date "2018.07.19"]
[Round "7.57"]
[White "Vokoun, Jan"]
[Black "Roskova, Katerina"]
[Result "0-1"]
[WhiteTitle "FM"]
[WhiteElo "2124"]
[BlackElo "1950"]
[WhiteFideId "301647"]
[BlackFideId "330558"]
[EventDate "2018.07.18"]

1. Nf3 g6 2. d4 Nf6 3. Bg5 Bg7 4. c3 d5 5. Nbd2 O-O 6. e3 Nbd7 7. Bd3 Re8 8. O-O
e5 9. dxe5 Nxe5 10. Nxe5 Rxe5 11. Nf3 Bg4 12. Bf4 Re8 13. h3 Bxf3 14. Qxf3 c6
15. Rfd1 Qb6 16. Qe2 Rad8 17. Qc2 Nh5 18. Bh2 c5 19. Be2 Nf6 20. a4 Ne4 21. a5
Qf6 22. Bf3 Qe6 23. Qb3 Re7 24. Qb5 a6 25. Qb6 Qxb6 26. axb6 f5 27. Ra5 Red7 28.
Bc7 Re8 29. Bxe4 fxe4 30. Rxc5 d4 31. cxd4 Bf8 32. Rc3 Bb4 33. Rb3 a5 34. Kf1
Rf7 35. Ke2 Ref8 36. Rf1 Rc8 37. f3 Rcf8 38. Bf4 Rf6 39. Be5 exf3+ 40. Rxf3 Rxb6
41. Rxf8+ Kxf8 42. e4 Ke7 43. Rf3 a4 44. d5 Bc5 45. Bg7 Rb4 46. Bf8+ Kd7 47.
Bxc5 Rxe4+ 48. Kd3 Re1 49. Rf7+ Kc8 50. Rxh7 Rd1+ 51. Kc4 Rd2 52. d6 Rc2+ 53.
Kd5 Rxb2 54. Bd4 Rd2 55. Ke6 b5 56. Rh8+ 0-1

[Event "29th Czech Rapid G1 2018"]
[Site "Pardubice CZE"]
[Date "2018.07.19"]
[Round "7.58"]
[White "Roessler, Ulrike"]
[Black "Fiala, Milan"]
[Result "1-0"]
[WhiteTitle "WIM"]
[WhiteElo "2137"]
[BlackElo "1845"]
[WhiteFideId "4622650"]
[BlackFideId "346829"]
[EventDate "2018.07.18"]

1. e4 c5 2. Nf3 d6 3. d4 cxd4 4. Nxd4 Nf6 5. Nc3 a6 6. Be3 e6 7. f3 Be7 8. g4
Nfd7 9. Qd2 Bh4+ 10. Bf2 Bxf2+ 11. Qxf2 Nc6 12. O-O-O Nde5 13. Be2 b5 14. f4 b4
15. Nb1 Nxd4 16. Qxd4 Ng6 17. Qxg7 Rf8 18. Rhf1 Bb7 19. e5 d5 20. Nd2 Qc7 21.
Kb1 a5 22. Bb5+ Bc6 23. Bxc6+ Qxc6 24. f5 Ne7 25. Qxh7 Rc8 26. fxe6 Qxe6 27. Nf3
Ng6 28. Nd4 Qxg4 29. e6 fxe6 30. Rg1 1-0

[Event "29th Czech Rapid G1 2018"]
[Site "Pardubice CZE"]
[Date "2018.07.19"]
[Round "7.59"]
[White "Pacl, Vaclav"]
[Black "Zarovs, Aleksandrs"]
[Result "1/2-1/2"]
[WhiteTitle "FM"]
[WhiteElo "2070"]
[BlackElo "1836"]
[WhiteFideId "302031"]
[BlackFideId "11604425"]
[EventDate "2018.07.18"]

1. d4 Nf6 2. Bg5 e6 3. e4 h6 4. Bxf6 Qxf6 5. c3 d5 6. e5 Qd8 7. Bd3 c5 8. Ne2
Nc6 9. O-O Qb6 10. b3 cxd4 11. cxd4 a6 12. Nbc3 Bd7 13. Bb1 Be7 14. Kh1 O-O-O
15. Qd2 f6 16. f4 g5 17. exf6 Bxf6 18. Rd1 Rhf8 19. f5 Bg7 20. fxe6 Bxe6 21. Na4
Qa7 22. Bd3 Bxd4 23. Nxd4 Qxd4 24. Rac1 Qf2 25. Bxa6 Qxd2 26. Rxd2 bxa6 27.
Rxc6+ Kd7 28. Rc1 Kd6 29. Rcd1 1/2-1/2

[Event "29th Czech Rapid G1 2018"]
[Site "Pardubice CZE"]
[Date "2018.07.19"]
[Round "7.60"]
[White "Joukl, Zdenek"]
[Black "Ludvik, Tomas"]
[Result "0-1"]
[WhiteElo "2029"]
[BlackElo "2048"]
[WhiteFideId "304247"]
[BlackFideId "367664"]
[EventDate "2018.07.18"]

1. d4 d5 2. Nf3 Nf6 3. Bf4 c5 4. e3 Nc6 5. Nc3 Qa5 6. Nd2 cxd4 7. Nb3 Qb6 8.
exd4 a6 9. Be2 Bf5 10. O-O e6 11. Bd3 Bg6 12. Re1 Be7 13. a3 O-O 14. Bxg6 hxg6
15. h3 Na5 16. Nxa5 Qxa5 17. Qd2 Rac8 18. f3 Rc4 19. Kh1 Rfc8 20. Be5 Nd7 21.
Bg3 Bf6 22. Bf2 Qb6 23. Rab1 Bxd4 24. Bxd4 Rxd4 25. Qe3 Rdc4 26. Qg5 d4 27. Ne4
Rxc2 28. b4 e5 29. h4 Qe6 30. Rbd1 Qf5 31. Qg3 R8c6 32. Nc5 R6xc5 33. bxc5 Rxc5
34. Rc1 d3 35. Rxc5 Nxc5 36. Rxe5 d2 37. Rxf5 d1=Q+ 38. Kh2 gxf5 39. Qe5 Qc2 40.
Qe8+ Kh7 41. Qxf7 Qd2 42. Qxf5+ g6 43. Qxc5 Qf4+ 44. Kg1 Qxh4 45. Qc7+ Kh6 46.
Qxb7 Qe1+ 47. Kh2 Qh4+ 48. Kg1 Qd4+ 49. Kh2 Qd6+ 50. Kh3 Qxa3 51. Qc8 Qd3 52.
Qh8+ Kg5 53. Qh4+ Kf5 54. g4+ Ke6 55. Kg3 a5 56. g5 Qd6+ 57. Kh3 Qd5 58. Qf4
Qf5+ 59. Qxf5+ Kxf5 0-1